|
|
|
|
| LEADER |
00000cam a2200000 a 4500 |
| 001 |
vtls001124118 |
| 003 |
SK-MaSNL |
| 005 |
20260301181501.0 |
| 008 |
240313s1987 xo o 00000 slo |
| 015 |
|
|
|a SNBA1988/03
|
| 035 |
|
|
|a SNK000066961
|
| 040 |
|
|
|a SNK
|b slo
|c SNK
|e AACR2
|
| 041 |
0 |
|
|a slo
|b eng
|b fre
|b ger
|
| 044 |
|
|
|a xo
|c SK
|
| 080 |
|
|
|a 76.034.8(=40)
|2 1981
|
| 100 |
1 |
|
|a Srnenská, Dagmar,
|d 1950-
|4 aut
|9 98501
|
| 245 |
1 |
0 |
|a Francúzska rokoková grafika
|b zo zbierok Mirbachovho paláca
|c Dagmar Srnenská ; fot. Ladislav Sternmüller ; ob., väzbu a graf. úpr. navrhol Zoltán Salamon
|
| 250 |
|
|
|a 4. slov. vyd.
|
| 260 |
|
|
|a Bratislava
|b Tatran
|c 1987
|
| 300 |
|
|
|a 168 s.
|c 29 cm
|
| 366 |
|
|
|e 50000 výt.
|
| 500 |
|
|
|a Ilustr. na predsádkach. Fot. na front.
|
| 504 |
|
|
|a Bibliogr. ; zozn. maliarov, grafikov a fareb. reprod.
|
| 546 |
|
|
|a Res. angl., franc., nem.
|
| 610 |
2 |
7 |
|a Galéria mesta Bratislavy
|2 SNKPH
|9 32177
|
| 650 |
0 |
7 |
|a francúzska grafika
|2 SNKPH
|9 3140
|
| 650 |
0 |
7 |
|a rokoko (umenie)
|2 SNKPH
|9 80560
|
| 650 |
0 |
7 |
|a zbierky
|2 SNKPH
|9 247422
|
| 655 |
|
7 |
|a obrazové publikácie
|2 SNKPH
|9 70343
|
| 700 |
1 |
|
|a Stermnüller, Ladislav
|4 pht
|9 554073
|
| 700 |
1 |
|
|a Salamon, Zoltán
|4 bkd
|9 277415
|
| 958 |
|
|
|a OND
|
| 958 |
|
|
|a NB
|
| 958 |
|
|
|a TL
|
| 999 |
|
|
|c 850141
|d 852071
|
| 952 |
|
|
|a SNK
|b SNK
|y PREZ
|7 0
|p 17A0844387
|o snkSB 42722
|i snkKSP 183/88
|0 0
|1 0
|4 0
|d 2014-04-03
|f 1
|l 0
|r 2025-05-09 00:00:00
|w 2026-02-24
|